=LDR 00000nam 2200000 4500 =001 INLIS000000000039496 =005 20200805071815 =035 ##$$a 0010-061300000039496 =008 200805################g##########0#ind## =082 ##$$a 2x0 =090 ##$$a 2x0, sya, y =100 ##$$a Asy-syarbashi,Ahmad =245 1#$$a Yas'Alunaka : $b Tanya jawab lengkap tentang agama dan kehidupan /$c Ahmad asy-syarbashi; Penerjemah,Ahmad subadi; Penyunting, Ali yahya =260 ##$$a Jakarta :$b Lentera,$c 2000 =300 ##$$a xxiv,786 hlm ; $c 15,5 x 24,5 cm. =650 #4$$a Islam =850 ##$$a NBPNMAT =020 ##$$a 979-8880-36-6 =084 ##$$a 2x0 ASY y =250 ##$$a Cet. 3 =990 ##$$a 10311791